000 00595nam a2200217 4500
001 136708
003 ES-MaACL
005 20230906195216.0
007 t|
008 070214s1982 sp r ||||1| spa d
020 _a84-7327-059-2
100 1 _aSagardía, Ángel.
_9139049
245 1 0 _aVives /
_cAngel Sagardía.
260 _aBarcelona :
_bNou Art Thor,
_c1982.
300 _a32 p. :
_bil. ;
_c21 cm.
490 1 _aGent nostra ;
_v20
500 _aAutógrafo del autor.
830 0 _aGent nostra ;
_v20
_9190449
852 _aES-MaACL
_j2137-F-20
_bR.113896
999 _c136708
_d136708